Elton John Studio Albums - Statistics

General Stats
  • This quiz has been taken 609 times
  • The average score is 15 of 31
Answer Stats
Hint Answer % Correct
1973 Goodbye Yellow Brick Road
93%
1970 Elton John
86%
1973 Don't Shoot Me I'm Only the Piano Player
74%
1971 Madman Across the Water
73%
1975 Captain Fantastic and the Brown Dirt Cowboy
71%
1972 Honky Chateau
71%
1974 Caribou
66%
1970 Tumbleweed Connection
64%
1976 Blue Moves
56%
1969 Empty Sky
54%
1975 Rock of the Westies
54%
1983 Too Low for Zero
54%
1992 The One
44%
1978 A Single Man
43%
1995 Made in England
42%
1982 Jump Up
40%
1981 The Fox
40%
1980 21 at 33
39%
1988 Reg Strikes Back
39%
2001 Songs from the West Coast
39%
1989 Sleeping with the Past
38%
1979 Victim of Love
38%
1985 Ice on Fire
37%
2004 Peachtree Road
36%
1986 Leather Jackets
35%
1984 Breaking Hearts
33%
2006 The Captain and the Kid
33%
2010 The Union
31%
1993 Duets
28%
1997 The Big Picture
28%
2012 Good Morning to the Night
11%
No matching quizzes found
Score Distribution
Percent of People with Each Score
Percentile by Number Answered
Your Score History
You have not taken this quiz